10 Cleanest Cities in the World - Statistics

General Stats
  • This quiz has been taken 107 times
  • The average score is 4 of 9
Answer Stats
Hint Answer % Correct
6 Oslo
81%
7 Stockholm
81%
3 Helsinki
80%
8 Zurich
65%
10 Bern
53%
4 Ottawa
30%
1 Calgary
28%
2 Honolulu
23%
5 Minneapolis
10%
No matching quizzes found
Score Distribution
Percent of People with Each Score
Percentile by Number Answered
Your Score History
You have not taken this quiz